|
|
|
|
| LEADER |
00000cac a2200000 a 4500 |
| 001 |
49931 |
| 003 |
Ucuenca |
| 005 |
20230308164821.0 |
| 008 |
000000|1999 ||||||||r|||||||||||spa|| |
| 020 |
|
|
|a 9706541098
|
| 040 |
|
|
|b spa
|
| 041 |
0 |
|
|a spa
|
| 082 |
0 |
|
|a 330.015 195
|
| 100 |
1 |
|
|a Ludlow Wiechers, Jorge
|9 48829
|
| 245 |
|
|
|a Econometría, modelos y pronósticos
|c Jorge Ludlow Wiechers
|h imp
|
| 264 |
|
|
|a México
|b Universidad Autónoma Metropolitana
|c 1999
|
| 300 |
|
|
|a 588 páginas:
|c 21 cm
|
| 490 |
|
|
|a Biblioteca de Ciencias Sociales y Humanidades
|p Economía
|
| 650 |
1 |
0 |
|a Econometría
|9 39481
|
| 650 |
1 |
|
|a Probabilidad
|9 23041
|
| 650 |
1 |
0 |
|a Estadística
|9 7865
|
| 650 |
1 |
0 |
|a Regresión lineal
|9 48821
|
| 852 |
|
|
|a UC-CDJBV
|f Compra
|l 1
|m General
|p 00000000
|r 2
|t 49931
|y 28856
|b 0
|d CDRC
|e CDRC
|g 330.015 195 PRIMER PISO
|z 0000-00-00
|
| 942 |
|
|
|c CR
|0 4
|
| 999 |
|
|
|c 26602
|d 26602
|